Statistics for 2024 Premier League Teams, Managers, Captains, Stadia and Sponsors

Click here to take the quiz!

General Stats

  • This quiz has been taken 322 times
    (207 since last reset)
  • The average score is 60 of 100

Answer Stats

Answer% Correct
Arsenal
99%
Manchester United
98%
Manchester City
97%
Chelsea
96%
Liverpool
96%
Tottenham Hotspur
96%
Brighton & Hove Albion
94%
Mikel Arteta
94%
Pep Guardiola
94%
Aston Villa
93%
Jürgen Klopp
93%
Everton
92%
Luton Town
92%
West Ham United
92%
Newcastle United
91%
Bournemouth
90%
Brentford
90%
Emirates Stadium
90%
Fly Emirates
90%
Wolverhampton Wanderers
90%
Burnley
89%
Crystal Palace
89%
Erik ten Hag
89%
Fulham
89%
Old Trafford
88%
Martin Ødegaard
87%
Etihad Stadium
86%
Sheffield United
86%
Etihad Airways
85%
Anfield
83%
Mauricio Pochettino
83%
Nottingham Forest
83%
Unai Emery
82%
Bruno Fernandes
80%
Virgil van Dijk
79%
Ange Postecoglou
78%
Eddie Howe
78%
Stamford Bridge
77%
Heung-min Son
76%
Roberto De Zerbi
76%
Sean Dyche
76%
Vincent Kompany
76%
Marco Silva
75%
Villa Park
74%
David Moyes
73%
Kyle Walker
73%
London Stadium
73%
Goodison Park
68%
Tottenham Hotspur Stadium
67%
St James’ Park
66%
Thomas Frank
66%
American Express
64%
Reece James
62%
Craven Cottage
60%
Nuno Espírito Santo
60%
American Express Community Stadium
59%
John McGinn
59%
Rob Edwards
57%
Lewis Dunk
56%
Turf Moor
55%
Selhurst Park
54%
Vitality Stadium
53%
Gary O’Neil
52%
Molineux Stadium
50%
Andoni Iraola
49%
Séamus Coleman
48%
TeamViewer
46%
Chris Wilder
45%
City Ground
45%
Gtech Community Stadium
45%
Kenilworth Road
43%
Oliver Glasner
43%
Standard Chartered
43%
Bramall Lane
42%
Jamaal Lascelles
41%
AIA
36%
Neto
36%
Kurt Zouma
34%
Joel Ward
33%
Tom Lockyer
33%
Christian Nørgaard
32%
Max Kilman
26%
Tom Cairney
26%
Betway
24%
Infinite Athlete
22%
Stake.com
19%
Hollywoodbets
18%
Sela
17%
Jack Cork
16%
cinch
15%
Dafabet
15%
Ryan Yates
13%
BK8
12%
John Egan
11%
Utilita
11%
SBOTOP
9%
W88
8%
AstroPay
7%
Kaiyun Sports
7%
CFI Financial Group
5%

Score Distribution

Percentile by Number Answered

Percent of People with Each Score

Your Score History

You have not taken this quiz since the last reset